000
00327nam a22001337a 4500
008
250217b |||||||| |||| 00| 0 eng d
020
_a
01139460888
050
_a
HD62.5
_b
.C68
100
_a
COWTER, Mary
245
_a
Entrepreneurship in Action
260
_a
U.S.A
_b
Coulter mark K.
_c
2001
300
_a
XXIV, 353P.
942
_c
BK
999
_c
1949
_d
1949